[Event "Oberliga Bayern 1011"]
[Site "Germany"]
[Date "2010.10.10"]
[Round "1.4"]
[White "Schleich, Markus"]
[Black "Mandl, Robert"]
[Result "1-0"]
[WhiteElo "2248"]
[BlackElo "2223"]
[PlyCount "67"]
[EventDate "2010.10.10"]
[EventType "team-tourn"]
[EventRounds "9"]
[EventCountry "GER"]
[SourceTitle "EXT 2012"]
[Source "ChessBase"]
[SourceDate "2011.11.24"]
[SourceVersion "1"]
[SourceVersionDate "2011.11.24"]
[SourceQuality "1"]
[WhiteTeam "Garching"]
[BlackTeam "Regensburg Fortuna"]
[WhiteTeamCountry "GER"]
[BlackTeamCountry "GER"]

1. e4 c5 2. c3 Nf6 3. e5 Nd5 4. d4 cxd4 5. Nf3 d6 6. Bc4 Nb6 7. Bb3 Nc6 8. cxd4 e6 9. Qe2 dxe5 10. dxe5 Bb4+ 11. Nbd2 Nd4 12. Nxd4 Qxd4 13. 0-0 0-0 14. Nf3 Qg4 15. Rd1 Bc5 16. h3 Qh5 17. Qc2 Be7 18. Qc7 Nd5 19. Rxd5 exd5 20. Qxe7 Bxh3 21. Qg5 Qxg5 22. Bxg5 Be6 23. Nd4 h6 24. Bd2 g5 25. f3 Rac8 26. Kf2 Rfe8 27. g3 Kg7 28. Rh1 b6 29. Bc3 Rc5 30. Bd1 Bd7 31. e6 fxe6 32. Nxe6+ Kf7 33. Nxc5 bxc5 34. Rxh6 1-0

[Event "Oberliga Bayern 0910"]
[Site "Bayern"]
[Date "2009.10.18"]
[Round "1.4"]
[White "Pitschka, Claus"]
[Black "Mandl, Robert"]
[Result "1-0"]
[WhiteElo "2192"]
[BlackElo "2205"]
[PlyCount "75"]
[EventDate "2009.10.18"]
[EventType "team-tourn"]
[EventRounds "9"]
[EventCountry "GER"]
[SourceTitle "EXT 2011"]
[Source "ChessBase"]
[SourceDate "2010.11.26"]
[SourceVersion "1"]
[SourceVersionDate "2010.11.26"]
[SourceQuality "1"]
[WhiteTeam "Garching"]
[BlackTeam "Regensburg Fortuna"]
[WhiteTeamCountry "GER"]
[BlackTeamCountry "GER"]

1. e4 e5 2. Bc4 Nf6 3. d4 exd4 4. Nf3 Nc6 5. e5 d5 6. Bb5 Ne4 7. Nxd4 Bd7 8. Bxc6 bxc6 9. 0-0 Be7 10. f3 Ng5 11. f4 Ne4 12. Nc3 Nxc3 13. bxc3 c5 14. Nb3 c4 15. Nd4 0-0 16. f5 c5 17. Ne2 Ba4 18. Nf4 d4 19. Nh5 dxc3 20. Qe2 Bg5 21. f6 gxf6 22. Bxg5 fxg5 23. Rad1 Qe7 24. Qe4 f5 25. Qxc4+ Kh8 26. Qxa4 Rad8 27. Rxd8 Rxd8 28. Qa5 Rd5 29. Qa6 Rxe5 30. Qc8+ Qe8 31. Qxe8+ Rxe8 32. Rxf5 h6 33. Rxc5 Re1+ 34. Kf2 Ra1 35. Rxc3 Rxa2 36. Rc7 Kg8 37. Nf6+ Kf8 38. Ke3 1-0

[Event "Oberliga Bayern 0809"]
[Site "Bayern"]
[Date "2009.03.29"]
[Round "9.4"]
[White "Epding, Olaf"]
[Black "Mandl, Robert"]
[Result "1/2-1/2"]
[WhiteElo "2157"]
[BlackElo "2200"]
[PlyCount "24"]
[EventDate "2008.10.05"]
[EventType "team-tourn"]
[EventRounds "9"]
[EventCountry "GER"]
[SourceTitle "EXT 2020"]
[Source "ChessBase"]
[SourceDate "2019.10.17"]
[SourceVersion "1"]
[SourceVersionDate "2019.10.17"]
[SourceQuality "1"]
[WhiteTeam "Nuernberg NT"]
[BlackTeam "Regensburg Fortuna"]
[WhiteTeamCountry "GER"]
[BlackTeamCountry "GER"]

1. e4 e5 2. Nf3 Nc6 3. Bb5 Nf6 4. 0-0 Nxe4 5. Re1 Nd6 6. Nxe5 Nxe5 7. Rxe5+ Be7 8. Bd3 0-0 9. Nc3 c6 10. b3 Ne8 11. Bb2 d5 12. Qf3 Bf6 1/2-1/2

[Event "Oberliga Bayern 0809"]
[Site "Bayern"]
[Date "2009.02.01"]
[Round "6.5"]
[White "Stross, Frantisek"]
[Black "Mandl, Robert"]
[Result "1/2-1/2"]
[WhiteElo "2298"]
[BlackElo "2199"]
[PlyCount "69"]
[EventDate "2008.10.05"]
[EventType "team-tourn"]
[EventRounds "9"]
[EventCountry "GER"]
[SourceTitle "EXT 2020"]
[Source "ChessBase"]
[SourceDate "2019.10.17"]
[SourceVersion "1"]
[SourceVersionDate "2019.10.17"]
[SourceQuality "1"]
[WhiteTeam "Koenigshofen"]
[BlackTeam "Regensburg Fortuna"]
[WhiteTeamCountry "GER"]
[BlackTeamCountry "GER"]

1. e4 e5 2. Nf3 Nc6 3. Bb5 Nf6 4. 0-0 Nxe4 5. Re1 Nd6 6. Nxe5 Nxe5 7. Rxe5+ Be7 8. Nc3 c6 9. Bd3 0-0 10. b3 Ne8 11. Qf3 d5 12. Bb2 Nf6 13. h3 Bd6 14. Ree1 Be6 15. Ne2 c5 16. Nf4 Bxf4 17. Qxf4 d4 18. Qf3 Qd5 19. Qxd5 Nxd5 20. c3 dxc3 21. dxc3 Rad8 22. Rad1 b6 23. c4 Nb4 24. Be4 f5 25. Bb1 Kf7 26. f4 g6 27. Kf2 Rfe8 28. Kf3 Bc8 29. g4 fxg4+ 30. hxg4 Rxe1 31. Rxe1 Nd3 32. Re2 h5 33. gxh5 gxh5 34. Bxd3 Rxd3+ 35. Ke4 1/2-1/2

[Event "BL2-Ost 0708"]
[Site "Germany"]
[Date "2007.11.28"]
[Round "3.6"]
[White "Mandl, Robert"]
[Black "Guth, Thomas"]
[Result "1/2-1/2"]
[WhiteElo "2329"]
[BlackElo "2316"]
[PlyCount "56"]
[EventDate "2007.10.21"]
[EventType "team-tourn"]
[EventRounds "9"]
[EventCountry "GER"]
[SourceTitle "EXT 2009"]
[Source "ChessBase"]
[SourceDate "2008.11.26"]
[SourceVersion "1"]
[SourceVersionDate "2008.11.26"]
[SourceQuality "1"]
[WhiteTeam "Regensburg Fortuna"]
[BlackTeam "Berlin Rotation"]
[WhiteTeamCountry "GER"]
[BlackTeamCountry "GER"]

1. c4 e6 2. Nf3 c5 3. g3 b6 4. Bg2 Bb7 5. 0-0 Nf6 6. Nc3 a6 7. d4 cxd4 8. Qxd4 d6 9. Bg5 Be7 10. Bxf6 Bxf6 11. Qd3 Be7 12. Rad1 Nd7 13. b3 Nf6 14. Nd4 Qc7 15. f4 Bxg2 16. Kxg2 0-0 17. Qf3 Rac8 18. Rd3 Rfd8 19. e4 Bf8 20. Rfd1 Nd7 21. Nde2 Nc5 22. R3d2 Qb7 23. e5 Qxf3+ 24. Kxf3 Nb7 25. exd6 Bxd6 26. Ne4 Be7 27. Rd7 Kf8 28. N2c3 Rb8 1/2-1/2

[Event "Oberliga Bayern 0506"]
[Site "Bayern"]
[Date "2006.04.02"]
[Round "9.4"]
[White "Wood, Christopher Baruch"]
[Black "Mandl, Robert"]
[Result "1/2-1/2"]
[WhiteElo "2230"]
[BlackElo "2253"]
[PlyCount "42"]
[EventDate "2005.10.23"]
[EventType "team-tourn"]
[EventRounds "9"]
[EventCountry "GER"]
[SourceTitle "EXT 2007"]
[Source "ChessBase"]
[SourceDate "2006.11.23"]
[SourceVersion "1"]
[SourceVersionDate "2006.11.23"]
[SourceQuality "1"]
[WhiteTeam "Muenchen Tarrasch"]
[BlackTeam "Regensburg Fortuna"]
[WhiteTeamCountry "GER"]
[BlackTeamCountry "GER"]

1. e4 e5 2. Nf3 Nc6 3. Bb5 Nf6 4. Qe2 Qe7 5. 0-0 a6 6. Ba4 b5 7. Bb3 Na5 8. d4 Nxb3 9. axb3 exd4 10. Nxd4 Bb7 11. e5 Ne4 12. f3 Nc5 13. Nc3 f6 14. Re1 0-0-0 15. Bf4 Ne6 16. Nxe6 Qxe6 17. exf6 Qxf6 18. Qd2 Bc5+ 19. Be3 Qg5 20. Qf2 Bxe3 21. Qxe3 Qxe3+ 1/2-1/2

[Event "Oberliga Bayern 0506"]
[Site "Bayern"]
[Date "2006.02.19"]
[Round "7.4"]
[White "Mandl, Robert"]
[Black "Kaunzinger, Albert"]
[Result "1-0"]
[WhiteElo "2290"]
[BlackElo "2156"]
[PlyCount "97"]
[EventDate "2005.10.23"]
[EventType "team-tourn"]
[EventRounds "9"]
[EventCountry "GER"]
[SourceTitle "EXT 2007"]
[Source "ChessBase"]
[SourceDate "2006.11.23"]
[SourceVersion "1"]
[SourceVersionDate "2006.11.23"]
[SourceQuality "1"]
[WhiteTeam "Regensburg Fortuna"]
[BlackTeam "Groebenzell"]
[WhiteTeamCountry "GER"]
[BlackTeamCountry "GER"]

1. c4 c6 2. Nf3 Nf6 3. Nc3 d5 4. d4 Qb6 5. Qb3 dxc4 6. Qxc4 Be6 7. Qd3 g6 8. e4 Bg7 9. Be2 0-0 10. 0-0 a5 11. h3 Na6 12. Be3 Qc7 13. Rfd1 Rfd8 14. Qd2 b5 15. Bf4 Qb7 16. Qe3 Nc7 17. Ne5 a4 18. Bf3 b4 19. Ne2 Nb5 20. Nd3 Nd6 21. Nc5 Qc8 22. Qd2 b3 23. axb3 Bxb3 24. Nxb3 axb3 25. Rxa8 Qxa8 26. e5 Nfe4 27. Qc1 Nxf2 28. Kxf2 Nf5 29. Qxc6 Qa2 30. Qc3 e6 31. Nc1 Qa7 32. Nxb3 h6 33. Nc5 g5 34. Bh2 Bf8 35. b4 Qa2+ 36. Rd2 Qa7 37. Be4 Ne7 38. Qc4 Nd5 39. Ra2 Qb6 40. Rb2 Qa7 41. Bxd5 exd5 42. Qa2 Qe7 43. b5 g4 44. Rb3 Qg5 45. Qe2 h5 46. b6 Qf5+ 47. Kg1 Ra8 48. Bg3 Ra1+ 49. Kh2 1-0

[Event "Oberliga Bayern 0506"]
[Site "Bayern"]
[Date "2006.01.15"]
[Round "5.4"]
[White "Mandl, Robert"]
[Black "Singer, Christoph"]
[Result "1/2-1/2"]
[WhiteElo "2290"]
[BlackElo "2264"]
[PlyCount "136"]
[EventDate "2005.10.23"]
[EventType "team-tourn"]
[EventRounds "9"]
[EventCountry "GER"]
[SourceTitle "EXT 2007"]
[Source "ChessBase"]
[SourceDate "2006.11.23"]
[SourceVersion "1"]
[SourceVersionDate "2006.11.23"]
[SourceQuality "1"]
[WhiteTeam "Regensburg Fortuna"]
[BlackTeam "Pasing"]
[WhiteTeamCountry "GER"]
[BlackTeamCountry "GER"]

1. c4 e6 2. Nf3 d5 3. g3 Nf6 4. Bg2 dxc4 5. Qa4+ Nbd7 6. 0-0 a6 7. Qxc4 b5 8. Qc2 Bb7 9. a4 c5 10. d3 Bd6 11. Nc3 Qb6 12. Bg5 0-0 13. Rfc1 Rfc8 14. axb5 axb5 15. Rxa8 Rxa8 16. Qb3 b4 17. Nd1 Bd5 18. Qc2 Qb7 19. Ne3 Bc6 20. Nc4 Bc7 21. Qd1 h6 22. Bd2 e5 23. Qf1 e4 24. dxe4 Nxe4 25. Be3 Ra2 26. Ne1 Bd5 27. Nd3 Qa6 28. b3 Bxc4 29. Rxc4 Nc3 30. Bf3 Ra1 31. Bc1 Ne5 32. Nxe5 Bxe5 33. Kg2 Qa2 34. Rxc5 Qc2 35. e3 Rxc1 36. Qc4 Qf5 37. Qxb4 Na2 38. Qb8+ Bxb8 39. Rxf5 Bd6 40. Bd5 Rc7 41. Bc4 Kf8 42. h4 Nb4 43. Rb5 Ke7 44. f4 Nc2 45. e4 Na3 46. Ra5 Nxc4 47. bxc4 Rxc4 48. e5 Bc7 49. Ra6 Kd7 50. h5 Rc6 51. Ra3 Ke6 52. Kf3 Bd8 53. Kg4 g6 54. Ra8 Be7 55. Rh8 gxh5+ 56. Kxh5 Rc1 57. Kxh6 f5 58. Kg7 Rg1 59. Rh6+ Kd5 60. Kf7 Bc5 61. Kf6 Ke4 62. Rg6 Bd4 63. Rg8 Rb1 64. Ke7 Rb7+ 65. Ke6 Rb6+ 66. Kf7 Rb7+ 67. Ke6 Ra7 68. Rg5 Rb7 1/2-1/2

[Event "BL2-Ost 0405"]
[Site "Germany"]
[Date "2005.04.10"]
[Round "9.4"]
[White "Quast, Michael"]
[Black "Mandl, Robert"]
[Result "1/2-1/2"]
[WhiteElo "2301"]
[BlackElo "2355"]
[PlyCount "148"]
[EventDate "2004.10.24"]
[EventType "team-tourn"]
[EventRounds "9"]
[EventCountry "GER"]
[SourceTitle "EXT 2007"]
[Source "ChessBase"]
[SourceDate "2006.11.23"]
[SourceVersion "1"]
[SourceVersionDate "2006.11.23"]
[SourceQuality "1"]
[WhiteTeam "Leipzig Gohlis"]
[BlackTeam "Regensburg"]
[WhiteTeamCountry "GER"]
[BlackTeamCountry "GER"]

1. e4 c5 2. Nc3 Nc6 3. f4 g6 4. Nf3 Bg7 5. Bb5 Nd4 6. a4 a6 7. Bc4 e6 8. 0-0 Ne7 9. e5 d5 10. exd6 Nef5 11. Ne4 Nxd6 12. Nxd6+ Qxd6 13. c3 Nxf3+ 14. Qxf3 Rb8 15. a5 Bd7 16. d3 Bc6 17. Qf2 Rc8 18. Be3 Bd5 19. Rfd1 0-0 20. Rab1 Rfd8 21. Bxd5 Qxd5 22. Kh1 Rd7 23. Rd2 Bd4 24. Ra1 Bxe3 25. Qxe3 c4 26. d4 Rc5 27. Rf2 Rxa5 28. Re1 Qc6 29. h3 Kg7 30. Qg3 Rf5 31. Kh2 Qc7 32. Re5 Rd5 33. Kg1 Qe7 34. Qe3 Qd8 35. g4 Rfxe5 36. fxe5 h6 37. Kh2 Qe7 38. Kg3 Rb5 39. h4 Rd5 40. Qe2 Qc7 41. Qf3 Qe7 42. Qe2 b5 43. Rf1 a5 44. Ra1 Qd8 45. Kh3 Qc7 46. Qf3 Qd8 47. Qe2 Rd7 48. Kg3 Ra7 49. Qf3 a4 50. Qc6 Qd5 51. Qxd5 exd5 52. Kf4 Ra6 53. Rb1 Re6 54. Ra1 Kf8 55. h5 gxh5 56. gxh5 Ke7 57. Kf5 Ra6 58. Rb1 Ra8 59. Rg1 a3 60. bxa3 Rxa3 61. Rc1 Rb3 62. Rc2 Rb1 63. Ra2 Rf1+ 64. Kg4 Rg1+ 65. Kf4 Rf1+ 66. Kg4 b4 67. cxb4 Rd1 68. Kf5 Rxd4 69. b5 c3 70. b6 Rb4 71. Ra7+ Kd8 72. Ra8+ Kd7 73. Ra7+ Kd8 74. Ra8+ Kd7 1/2-1/2

[Event "BL2-Ost 0405"]
[Site "Germany"]
[Date "2005.01.30"]
[Round "6.4"]
[White "Mandl, Robert"]
[Black "Heinz, Axel"]
[Result "0-1"]
[WhiteElo "2355"]
[BlackElo "2287"]
[PlyCount "56"]
[EventDate "2004.10.24"]
[EventType "team-tourn"]
[EventRounds "9"]
[EventCountry "GER"]
[SourceTitle "EXT 2007"]
[Source "ChessBase"]
[SourceDate "2006.11.23"]
[SourceVersion "1"]
[SourceVersionDate "2006.11.23"]
[SourceQuality "1"]
[WhiteTeam "Regensburg"]
[BlackTeam "Bindlach"]
[WhiteTeamCountry "GER"]
[BlackTeamCountry "GER"]

1. c4 f5 2. g3 Nf6 3. Bg2 g6 4. Nf3 Bg7 5. Nc3 d6 6. Rb1 0-0 7. b4 e5 8. d3 Nc6 9. b5 Ne7 10. 0-0 h6 11. c5 Be6 12. Ba3 Rc8 13. Qa4 b6 14. cxd6 cxd6 15. Rfc1 Qd7 16. Qb4 Rc5 17. Nd2 Nfd5 18. Nxd5 Nxd5 19. Qb2 e4 20. d4 e3 21. fxe3 Nxe3 22. Bc6 Qd8 23. Nf3 f4 24. gxf4 Rxf4 25. Qd2 Bxd4 26. Nxd4 Qg5+ 27. Kh1 Rxd4 28. Qxd4 Rxc6 0-1

[Event "BL2-Ost 0405"]
[Site "Germany"]
[Date "2004.11.14"]
[Round "2.4"]
[White "Mandl, Robert"]
[Black "Boehnisch, Manfred"]
[Result "0-1"]
[WhiteElo "2355"]
[BlackElo "2346"]
[PlyCount "116"]
[EventDate "2004.10.24"]
[EventType "team-tourn"]
[EventRounds "9"]
[EventCountry "GER"]
[SourceTitle "EXT 2007"]
[Source "ChessBase"]
[SourceDate "2006.11.23"]
[SourceVersion "1"]
[SourceVersionDate "2006.11.23"]
[SourceQuality "1"]
[WhiteTeam "Regensburg"]
[BlackTeam "Leipzig Mitte"]
[WhiteTeamCountry "GER"]
[BlackTeamCountry "GER"]

1. c4 c6 2. Nf3 d5 3. Qc2 Bg4 4. Ne5 Bh5 5. cxd5 cxd5 6. d4 Nd7 7. Bf4 Ngf6 8. Nc3 e6 9. e3 Be7 10. Nxd7 Nxd7 11. Bd3 Bg6 12. 0-0 0-0 13. Bxg6 hxg6 14. Rfc1 a6 15. Qb3 Qb6 16. Qxb6 Nxb6 17. Bc7 Nc4 18. b3 Na3 19. Na4 b5 20. Nc5 a5 21. Kf1 Rfc8 22. Nd3 Nc4 23. Bf4 Nd2+ 24. Ke1 Ne4 25. f3 Nc3 26. Kd2 b4 27. a4 g5 28. Bg3 f6 29. h3 Ra6 30. Nf2 Rac6 31. Ng4 Kf7 32. Kd3 Bd6 33. Bxd6 Rxd6 34. Kd2 Re8 35. Kd3 e5 36. dxe5 fxe5 37. Re1 Kg6 38. Kc2 Kh5 39. Kb2 Kh4 40. Rac1 Kg3 41. Rc2 e4 42. fxe4 dxe4 43. Kc1 Rf8 44. Rh1 Rd5 45. Re1 Rf7 46. Rh1 Rc7 47. Rf1 Rdc5 48. Rff2 Na2+ 49. Kd1 Rxc2 50. Rxc2 Rxc2 51. Kxc2 Kxg2 52. Kd2 Nc3 53. Ke1 Kxh3 54. Ne5 g4 55. Ng6 g3 56. Nf4+ Kh2 57. Kf1 g5 58. Ng2 Nd5 0-1

[Event "Oberliga Bayern 0304"]
[Site "Bayern"]
[Date "2004.04.25"]
[Round "9.4"]
[White "Hennig, Dirk"]
[Black "Mandl, Robert"]
[Result "0-1"]
[WhiteElo "2387"]
[BlackElo "2279"]
[PlyCount "62"]
[EventDate "2003.10.12"]
[EventType "team-tourn"]
[EventRounds "9"]
[EventCountry "GER"]
[SourceTitle "EXT 2006"]
[Source "ChessBase"]
[SourceDate "2005.11.24"]
[SourceVersion "1"]
[SourceVersionDate "2005.11.24"]
[SourceQuality "1"]
[WhiteTeam "Muenchen Tarrasch"]
[BlackTeam "Regensburg Fortuna"]
[WhiteTeamCountry "GER"]
[BlackTeamCountry "GER"]

1. d4 Nf6 2. Bg5 e6 3. e3 c5 4. c3 b6 5. Qf3 Nc6 6. Bxf6 Qxf6 7. Qxf6 gxf6 8. g3 Bb7 9. Bg2 f5 10. Ne2 d5 11. Nd2 Bd6 12. 0-0 0-0 13. c4 Ne7 14. Rfd1 cxd4 15. Nxd4 Rac8 16. Rac1 Rfd8 17. Nb5 Be5 18. Nxa7 Ra8 19. Nb5 Bxb2 20. Rc2 Bf6 21. Rb1 Ra4 22. Nd4 Ba6 23. cxd5 Bd3 24. Rcb2 Bxb1 25. Nxb1 Bxd4 26. exd4 Nxd5 27. Bxd5 exd5 28. Nc3 Rxd4 29. Rxb6 Rd3 30. Ne2 Rd1+ 31. Kg2 d4 0-1

[Event "Oberliga Bayern 0304"]
[Site "Bayern"]
[Date "2003.11.23"]
[Round "3.4"]
[White "Martin, Thomas"]
[Black "Mandl, Robert"]
[Result "1/2-1/2"]
[WhiteElo "2282"]
[BlackElo "2279"]
[PlyCount "55"]
[EventDate "2003.10.12"]
[EventType "team-tourn"]
[EventRounds "9"]
[EventCountry "GER"]
[SourceTitle "EXT 2006"]
[Source "ChessBase"]
[SourceDate "2005.11.24"]
[SourceVersion "1"]
[SourceVersionDate "2005.11.24"]
[SourceQuality "1"]
[WhiteTeam "Nuernberg NT"]
[BlackTeam "Regensburg Fortuna"]
[WhiteTeamCountry "GER"]
[BlackTeamCountry "GER"]

1. e4 e5 2. Nc3 Nf6 3. g3 Bb4 4. Bg2 0-0 5. Nge2 d6 6. 0-0 Nc6 7. Nd5 Nxd5 8. exd5 Ne7 9. d4 exd4 10. Nxd4 Nf5 11. Nb3 Bd7 12. Qd3 Bc5 13. Bd2 Bb6 14. c4 Ne7 15. Rfe1 Ng6 16. Re2 Re8 17. Rae1 Rxe2 18. Rxe2 Qf8 19. Bc3 Re8 20. Rxe8 Qxe8 21. Be4 Qe7 22. h4 Nf8 23. Qf3 f6 24. h5 h6 25. Nd2 Nh7 26. Bxh7+ Kxh7 27. b4 Qe1+ 28. Kg2 1/2-1/2

[Event "Oberliga Bayern 0203"]
[Site "Bayern"]
[Date "2003.03.09"]
[Round "8.4"]
[White "Mandl, Robert"]
[Black "Herb, Stefan"]
[Result "1/2-1/2"]
[WhiteElo "2285"]
[BlackElo "2059"]
[PlyCount "44"]
[EventDate "2002.10.20"]
[EventType "team-tourn"]
[EventRounds "9"]
[EventCountry "GER"]
[SourceTitle "EXT 2004"]
[Source "ChessBase"]
[SourceDate "2003.11.25"]
[SourceVersion "1"]
[SourceVersionDate "2003.11.25"]
[SourceQuality "1"]
[WhiteTeam "Regensburg Fortuna"]
[BlackTeam "Haunstetten"]
[WhiteTeamCountry "GER"]
[BlackTeamCountry "GER"]

1. c4 e5 2. g3 Nf6 3. Bg2 c6 4. d4 Bb4+ 5. Bd2 Bxd2+ 6. Qxd2 d6 7. Nc3 0-0 8. e3 Be6 9. b3 exd4 10. Qxd4 d5 11. cxd5 Nxd5 12. Nxd5 Bxd5 13. Bxd5 cxd5 14. Ne2 Nc6 15. Qc5 Re8 16. 0-0 Re5 17. Rad1 Qd7 18. f4 b6 19. Qc1 Ree8 20. Rd3 Nb4 21. Rd4 Nc6 22. Rd3 Nb4 1/2-1/2

[Event "Oberliga Bayern 0203"]
[Site "Bayern"]
[Date "2002.11.17"]
[Round "2.4"]
[White "Mandl, Robert"]
[Black "Lickleder, Andreas"]
[Result "1-0"]
[WhiteElo "2285"]
[BlackElo "2193"]
[PlyCount "69"]
[EventDate "2002.10.20"]
[EventType "team-tourn"]
[EventRounds "9"]
[EventCountry "GER"]
[SourceTitle "EXT 2004"]
[Source "ChessBase"]
[SourceDate "2003.11.25"]
[SourceVersion "1"]
[SourceVersionDate "2003.11.25"]
[SourceQuality "1"]
[WhiteTeam "Regensburg Fortuna"]
[BlackTeam "Muenchen Schwabing"]
[WhiteTeamCountry "GER"]
[BlackTeamCountry "GER"]

1. c4 c5 2. g3 Nf6 3. Bg2 e6 4. Nc3 Be7 5. Nf3 a6 6. 0-0 0-0 7. e4 d6 8. Ne1 Nc6 9. Nc2 Rb8 10. f4 Nd7 11. b3 Bf6 12. Bb2 Qe7 13. d3 b5 14. Rb1 b4 15. Ne2 Bxb2 16. Rxb2 Nd4 17. Qd2 Nxc2 18. Rxc2 Rb6 19. g4 Nb8 20. f5 f6 21. Nf4 Qc7 22. d4 Nc6 23. fxe6 Nxd4 24. Nd5 Qa7 25. e7 Re8 26. g5 f5 27. exf5 Bxf5 28. Rxf5 Nxf5 29. Nxb6 Nd4 30. Nd5 Nxc2 31. Qxc2 Qd7 32. Qe4 a5 33. Kf2 a4 34. Kg3 axb3 35. axb3 1-0

[Event "Oberliga Bayern 0001"]
[Site "Bayern"]
[Date "2001.04.29"]
[Round "9"]
[White "Haag, Wolfgang"]
[Black "Mandl, Robert"]
[Result "1/2-1/2"]
[WhiteElo "2210"]
[BlackElo "2203"]
[PlyCount "81"]
[EventDate "2000.10.15"]
[EventType "team-tourn"]
[EventRounds "9"]
[EventCountry "GER"]
[SourceTitle "EXT 2020"]
[Source "ChessBase"]
[SourceDate "2019.10.17"]
[SourceVersion "1"]
[SourceVersionDate "2019.10.17"]
[SourceQuality "1"]
[WhiteTeam "Marktheidenfeld"]
[BlackTeam "Regensburg Fortuna"]
[WhiteTeamCountry "GER"]
[BlackTeamCountry "GER"]

1. d4 Nf6 2. c4 e6 3. Nf3 Bb4+ 4. Nbd2 b6 5. a3 Bxd2+ 6. Qxd2 Bb7 7. e3 0-0 8. Be2 Ne4 9. Qc2 f5 10. 0-0 d6 11. b4 c5 12. Ne1 Nc6 13. f3 Nf6 14. bxc5 dxc5 15. dxc5 bxc5 16. Nd3 Qe7 17. Rb1 Rab8 18. Qa4 e5 19. Nf2 Rfd8 20. Rd1 Rxd1+ 21. Bxd1 f4 22. Bc2 g5 23. Ne4 Ne8 24. Nc3 Rd8 25. Nd5 Qd7 26. Qb5 Ba8 27. Qxc5 Qg7 28. exf4 gxf4 29. Be4 Nd6 30. Nf6+ Qxf6 31. Bxc6 Rc8 32. Qd5+ Nf7 33. Bxa8 Qg6 34. Rb7 Rf8 35. Rd7 Qc2 36. Qd1 Qxd1+ 37. Rxd1 Rxa8 38. Bb2 Rc8 39. Rc1 Rc5 40. Kf1 Nd6 41. g3 1/2-1/2

[Event "Oberliga Bayern 0001"]
[Site "Bayern"]
[Date "2001.04.01"]
[Round "8"]
[White "Mandl, Robert"]
[Black "Pflug, Matthias"]
[Result "1/2-1/2"]
[WhiteElo "2203"]
[BlackElo "2120"]
[PlyCount "83"]
[EventDate "2000.10.15"]
[EventType "team-tourn"]
[EventRounds "9"]
[EventCountry "GER"]
[SourceTitle "EXT 2020"]
[Source "ChessBase"]
[SourceDate "2019.10.17"]
[SourceVersion "1"]
[SourceVersionDate "2019.10.17"]
[SourceQuality "1"]
[WhiteTeam "Regensburg Fortuna"]
[BlackTeam "Passau"]
[WhiteTeamCountry "GER"]
[BlackTeamCountry "GER"]

1. c4 f5 2. g3 Nf6 3. Bg2 g6 4. Nc3 Bg7 5. Nf3 0-0 6. 0-0 d6 7. d3 Nc6 8. Rb1 a5 9. a3 e5 10. b4 axb4 11. axb4 h6 12. b5 Ne7 13. c5 g5 14. b6 dxc5 15. Qb3+ Kh7 16. Nxe5 cxb6 17. Bd2 Ne4 18. Nxe4 Bxe5 19. Bc3 Bxc3 20. Nxc3 Ra6 21. Rb2 Nc6 22. Bxc6 bxc6 23. Na4 f4 24. Nxb6 Bh3 25. Nc4 Ra7 26. Rfb1 Qd4 27. e3 fxe3 28. Nxe3 Rf3 29. Re2 Rd7 30. Rd1 Rdf7 31. Qb2 Re7 32. Qc2 h5 33. Nf5 Rxe2 34. Nxd4 Rxc2 35. Nxc2 Rf7 36. Ne3 Rd7 37. f3 Be6 38. Kf2 c4 39. dxc4 Rxd1 40. Nxd1 Bxc4 41. Ke3 Kg6 42. Nc3 1/2-1/2

[Event "Oberliga Bayern 0001"]
[Site "Bayern"]
[Date "2001.03.11"]
[Round "7"]
[White "Mandl, Robert"]
[Black "Roth, Norbert"]
[Result "1-0"]
[WhiteElo "2203"]
[BlackElo "2205"]
[PlyCount "81"]
[EventDate "2000.10.15"]
[EventType "team-tourn"]
[EventRounds "9"]
[EventCountry "GER"]
[SourceTitle "EXT 2020"]
[Source "ChessBase"]
[SourceDate "2019.10.17"]
[SourceVersion "1"]
[SourceVersionDate "2019.10.17"]
[SourceQuality "1"]
[WhiteTeam "Regensburg Fortuna"]
[BlackTeam "Nuernberg Noris Tarrasch"]
[WhiteTeamCountry "GER"]
[BlackTeamCountry "GER"]

1. c4 c5 2. Nf3 Nf6 3. g3 g6 4. Bg2 Bg7 5. d4 cxd4 6. Nxd4 0-0 7. Nc3 Nc6 8. Nc2 d6 9. 0-0 Be6 10. b3 Qa5 11. Bd2 Qh5 12. e4 Bg4 13. f3 Bh3 14. Rc1 a6 15. Ne3 Bxg2 16. Kxg2 e6 17. Na4 Rad8 18. Bc3 g5 19. Rf2 Ne5 20. h3 Qg6 21. Ng4 Nexg4 22. hxg4 b5 23. Nb6 h5 24. gxh5 Qxh5 25. cxb5 axb5 26. g4 Qg6 27. a4 bxa4 28. bxa4 Ne8 29. a5 Nc7 30. Bxg7 Kxg7 31. Rxc7 Rh8 32. Qd4+ e5 33. Qc4 Qf6 34. Nd5 Qh6 35. Kf1 Qh1+ 36. Ke2 Rb8 37. Nb6 Rbf8 38. Qc1 Qh6 39. Nd5 Ra8 40. Ne3 Qe6 41. Qc4 1-0

[Event "Oberliga Bayern 0001"]
[Site "Bayern"]
[Date "2001.02.18"]
[Round "6"]
[White "Geberl, Hans Walter"]
[Black "Mandl, Robert"]
[Result "1/2-1/2"]
[WhiteElo "2122"]
[BlackElo "2203"]
[PlyCount "82"]
[EventDate "2000.10.15"]
[EventType "team-tourn"]
[EventRounds "9"]
[EventCountry "GER"]
[SourceTitle "EXT 2020"]
[Source "ChessBase"]
[SourceDate "2019.10.17"]
[SourceVersion "1"]
[SourceVersionDate "2019.10.17"]
[SourceQuality "1"]
[WhiteTeam "Ingolstadt"]
[BlackTeam "Regensburg Fortuna"]
[WhiteTeamCountry "GER"]
[BlackTeamCountry "GER"]

1. Nf3 Nf6 2. c4 e6 3. Nc3 Bb4 4. Qc2 0-0 5. a3 Bxc3 6. Qxc3 d6 7. g3 e5 8. Bg2 c5 9. b3 Nc6 10. Bb2 Qb6 11. e3 Bf5 12. d3 Qa5 13. e4 Bg4 14. h3 Bxf3 15. Bxf3 Qxc3+ 16. Bxc3 a5 17. Bd1 Ne8 18. 0-0 Nc7 19. f4 b5 20. Bg4 Rfd8 21. Bh5 g6 22. Bd1 b4 23. Bb2 Ne6 24. a4 Ned4 25. f5 g5 26. Bc1 f6 27. Ra2 Kg7 28. Be3 h5 29. Kh2 Rh8 30. Rb2 Kf7 31. Ra2 Rag8 32. Rb2 Ke7 33. Ra2 Kd7 34. Rb2 Kd8 35. Ra2 Ke7 36. Rb2 Rh7 37. Ra2 Kd7 38. Rb2 Kc7 39. Ra2 Kb6 40. Rb2 Kc7 41. Ra2 Rgg7 1/2-1/2